Principles of macroeconomics / (Record no. 2084)

MARC details
000 -LEADER
fixed length control field 00525cam a2200193 4500
001 - CONTROL NUMBER
control field 2620
005 - DATE AND TIME OF LATEST TRANSACTION
control field 20181127165359.0
008 - FIXED-LENGTH DATA ELEMENTS--GENERAL INFORMATION
fixed length control field 070313s2008 ohua 001 0 eng
010 ## - LIBRARY OF CONGRESS CONTROL NUMBER
LC control number 2007924707
020 ## - INTERNATIONAL STANDARD BOOK NUMBER
International Standard Book Number 0759395462
International Standard Book Number 9780759395466
100 1# - MAIN ENTRY--PERSONAL NAME
Personal name Gottheil, Fred M.
245 10 - TITLE STATEMENT
Title Principles of macroeconomics /
Statement of responsibility, etc. Fred M. Gottheil.
250 ## - EDITION STATEMENT
Edition statement 5th ed.
260 ## - PUBLICATION, DISTRIBUTION, ETC.
Place of publication, distribution, etc. Mason, OH :
Name of publisher, distributor, etc. Thomson,
Date of publication, distribution, etc. c2008.
300 ## - PHYSICAL DESCRIPTION
Extent xxxii, 463 p. :
Other physical details col. ill. ;
Dimensions 28 cm.
500 ## - GENERAL NOTE
General note Includes index.
650 #0 - SUBJECT ADDED ENTRY--TOPICAL TERM
Topical term or geographic name entry element Macroeconomics.
Holdings
Withdrawn status Lost status Source of classification or shelving scheme Damaged status Not for loan Collection code Home library Current library Shelving location Date acquired Serial Enumeration / chronology Inventory number Total Checkouts Full call number Barcode Date last seen Date last checked out Price effective from Koha item type
    Dewey Decimal Classification     Main TEST RTC Library RTC Library Main opac 19/08/2022 2287 4 339 GOT 30001868 05/09/2023 13/09/2022 27/11/2018 Main
Royal Thimphu College || All Right Reserved